Principles of electromechanical-energy conversion (Record no. 23169)

000 -LEADER
fixed length control field 00596nam a22002051 4500
001 - CONTROL NUMBER
control field 23169
003 - CONTROL NUMBER IDENTIFIER
control field BD-DhUET
008 - FIXED-LENGTH DATA ELEMENTS--GENERAL INFORMATION
fixed length control field 730301s1966 xx 000 0 eng
040 ## - CATALOGING SOURCE
Original cataloging agency DLC
Transcribing agency DLC
Modifying agency BD-DhUET
082 ## - DEWEY DECIMAL CLASSIFICATION NUMBER
Classification number 623.13
Item number MEI/1966
100 ## - MAIN ENTRY--PERSONAL NAME
Personal name Meisel, Jerome
245 10 - TITLE STATEMENT
Title Principles of electromechanical-energy conversion
250 ## - EDITION STATEMENT
Edition statement 1st ed.
260 ## - PUBLICATION, DISTRIBUTION, ETC. (IMPRINT)
Place of publication, distribution, etc. New York
Name of publisher, distributor, etc. McGraw-Hill
Date of publication, distribution, etc. 1966
300 ## - PHYSICAL DESCRIPTION
Extent xvii, 639p.
Other physical details ill.
490 ## - SERIES STATEMENT
Series statement McGraw-Hill electrical and electronic engineering series
504 ## - BIBLIOGRAPHY, ETC. NOTE
Bibliography, etc Includes bibliographies
650 #0 - SUBJECT ADDED ENTRY--TOPICAL TERM
Topical term or geographic name as entry element Mechinery: Electrical engineering
942 ## - ADDED ENTRY ELEMENTS (KOHA)
Koha item type General Book
Holdings
Koha item type Piece designation (barcode) Koha full call number Koha date last seen Koha normalized classification for sorting Copy number Source of classification or shelving scheme Damaged status Location (home branch) Date acquired Shelving location Sublocation or collection (holding branch) Price effective from Withdrawn status Not for loan Lost status
General Book11878623.13/MEI/19682015-05-03623_130000000000000_MEI_19681  Central Library, BUET2015-05-03Circulation sectionCentral Library, BUET2015-05-03   
General Book11877623.13/MEI/19662015-05-03623_130000000000000_MEI_19662  Central Library, BUET2015-05-03Circulation sectionCentral Library, BUET2015-05-03   
General Book11875623.13/MEI/19662015-05-03623_130000000000000_MEI_19663  Central Library, BUET2015-05-03Circulation sectionCentral Library, BUET2015-05-03   
General Book11438623.13/MEI/19662015-05-03623_130000000000000_MEI_19664  Central Library, BUET2015-05-03Circulation sectionCentral Library, BUET2015-05-03   
General Book11876623.13/MEI/19662015-05-03623_130000000000000_MEI_19665  Central Library, BUET2015-05-03Circulation sectionCentral Library, BUET2015-05-03   
General Book11437623.13/MEI/19662015-05-03623_130000000000000_MEI_19666  Central Library, BUET2015-05-03Circulation sectionCentral Library, BUET2015-05-03   
General Book11879623.13/MEI/19662015-05-03623_130000000000000_MEI_19667  Central Library, BUET2015-05-03Circulation sectionCentral Library, BUET2015-05-03   
General Book84929623.13/MEI/19662015-05-03623_130000000000000_MEI_19668  Central Library, BUET2015-05-03Circulation sectionCentral Library, BUET2015-05-03   
General Book15539623.13/MEI/19662015-05-07623_130000000000000_MEI_19669  Central Library, BUET2015-05-07Circulation sectionCentral Library, BUET2015-05-07   
General Book39251623.13/MEI/19662015-07-12623_130000000000000_MEI_196610  Central Library, BUET2015-07-12Circulation sectionCentral Library, BUET2015-07-12